[Event "WCO2014"]
[Site "Tromso"]
[Date "2014.08.05"]
[Round "4.9"]
[WhiteID "4300106"]
[White "Dive Russell John"]
[BlackID "12600083"]
[Black "Hasford John Kojo"]
[Result "1-0"]
[LiveChessVersion "1.4.3"]
[BlackElo "2055"]
[WhiteElo "2318"]

1. f4 {[%clk 1:30:58]} Nf6 {[%clk 1:30:32]} 2. Nf3 {[%clk 1:31:23]} g6
{[%clk 1:30:20]} 3. b3 {[%clk 1:31:48]} Bg7 {[%clk 1:30:42]} 4. Bb2
{[%clk 1:32:15]} O-O {[%clk 1:30:41]} 5. e3 {[%clk 1:32:23]} d5 {[%clk 1:30:03]}
6. Be2 {[%clk 1:32:46]} Nc6 {[%clk 1:29:46]} 7. O-O {[%clk 1:32:44]} Bf5
{[%clk 1:29:43]} 8. a3 {[%clk 1:17:51]} a6 {[%clk 1:25:18]} 9. d3
{[%clk 1:16:13]} Re8 {[%clk 1:22:14]} 10. h3 {[%clk 1:14:14]} Qc8
{[%clk 1:18:28]} 11. Qe1 {[%clk 1:13:39]} Qe6 {[%clk 1:17:16]} 12. Qf2
{[%clk 1:08:01]} Qc8 {[%clk 1:14:41]} 13. Nbd2 {[%clk 1:05:14]} h6
{[%clk 1:11:19]} 14. Rae1 {[%clk 1:03:33]} Nd8 {[%clk 1:09:27]} 15. Qh4
{[%clk 0:56:15]} c5 {[%clk 1:08:24]} 16. g4 {[%clk 0:56:13]} Bxg4
{[%clk 1:05:01]} 17. hxg4 {[%clk 0:55:47]} Qxg4+ {[%clk 1:03:32]} 18. Qxg4
{[%clk 0:53:30]} Nxg4 {[%clk 1:03:39]} 19. Bxg7 {[%clk 0:53:58]} Kxg7
{[%clk 1:03:35]} 20. Bd1 {[%clk 0:54:05]} Nc6 {[%clk 1:02:14]} 21. d4
{[%clk 0:49:24]} b6 {[%clk 1:01:26]} 22. c4 {[%clk 0:46:35]} e6 {[%clk 1:01:07]}
23. Ne5 {[%clk 0:41:50]} Ngxe5 {[%clk 0:59:43]} 24. dxe5 {[%clk 0:42:11]} Rad8
{[%clk 0:59:52]} 25. Bf3 {[%clk 0:42:14]} Na5 {[%clk 0:59:45]} 26. cxd5
{[%clk 0:34:45]} exd5 {[%clk 1:00:13]} 27. Rc1 {[%clk 0:33:30]} d4
{[%clk 0:59:25]} 28. e4 {[%clk 0:31:51]} g5 {[%clk 0:59:15]} 29. b4
{[%clk 0:29:54]} Nb7 {[%clk 0:58:18]} 30. fxg5 {[%clk 0:29:30]} Rxe5
{[%clk 0:57:24]} 31. gxh6+ {[%clk 0:29:53]} Kxh6 {[%clk 0:57:05]} 32. Bg2
{[%clk 0:26:39]} Nd6 {[%clk 0:56:15]} 33. bxc5 {[%clk 0:16:09]} bxc5
{[%clk 0:54:34]} 34. Rf6+ {[%clk 0:16:32]} Kg7 {[%clk 0:54:04]} 35. Rxd6
{[%clk 0:12:59]} Rxd6 {[%clk 0:54:07]} 36. Nc4 {[%clk 0:13:27]} Rde6
{[%clk 0:52:05]} 37. Nxe5 {[%clk 0:13:48]} Rxe5 {[%clk 0:52:32]} 38. Kf2
{[%clk 0:09:16]} f5 {[%clk 0:49:07]} 39. exf5 {[%clk 0:09:37]} Rxf5+
{[%clk 0:49:35]} 40. Ke2 {[%clk 0:09:47]} Re5+ {[%clk 0:48:57]} 41. Kd2
{[%clk 0:10:16]} Re3 {[%clk 0:48:58]} 42. a4 {[%clk 0:10:38]} Re5
{[%clk 0:46:46]} 43. Bf1 {[%clk 0:07:25]} a5 {[%clk 0:42:37]} 44. Kd3
{[%clk 0:04:07]} Kf6 {[%clk 0:41:10]} 45. Kc4 {[%clk 0:04:27]} Ke6
{[%clk 0:39:38]} 46. Kb5 {[%clk 0:04:08]} Kd6 {[%clk 0:39:36]} 47. Kc4
{[%clk 0:25:30]} Rf5 {[%clk 1:06:32]} 48. Bd3 {[%clk 0:23:45]} Rf2
{[%clk 1:06:19]} 49. Rc2 {[%clk 0:24:06]} Rf3 {[%clk 1:00:40]} 50. Rb2
{[%clk 0:24:07]} Rg3 {[%clk 1:00:42]} 51. Rb6+ {[%clk 0:24:25]} Kc7
{[%clk 0:58:53]} 52. Rb5 {[%clk 0:24:22]} Rg1 {[%clk 0:56:56]} 53. Kxc5
{[%clk 0:22:37]} Rc1+ {[%clk 0:56:24]} 54. Kxd4 {[%clk 0:22:57]} Ra1
{[%clk 0:56:16]} 55. Rxa5 {[%clk 0:22:39]} Kb6 {[%clk 0:56:19]} 56. Rb5+
{[%clk 0:22:26]} Ka7 {[%clk 0:56:37]} 57. a5 {[%clk 0:22:34]} Rc1
{[%clk 0:56:29]} 58. Rh5 {[%clk 0:22:26]} Ra1 {[%clk 0:55:50]} 59. Bc4
{[%clk 0:22:14]} Rd1+ {[%clk 0:54:28]} 60. Kc5 {[%clk 0:22:31]} Rd7
{[%clk 0:54:05]} 61. Rd5 {[%clk 0:21:18]} Rc7+ {[%clk 0:52:23]} 62. Kb4
{[%clk 0:21:32]} Rg7 {[%clk 0:51:10]} 63. Bb5 {[%clk 0:21:46]} Rg4+
{[%clk 0:49:42]} 64. Kc5 {[%clk 0:21:58]} Rg1 {[%clk 0:49:24]} 65. Rd7+
{[%clk 0:22:20]} Kb8 {[%clk 0:48:27]} 66. Kb6 {[%clk 0:22:10]} Kc8
{[%clk 0:46:19]} 67. a6 {[%clk 0:21:44]} Rg6+ {[%clk 0:45:22]} 68. Bc6
{[%clk 0:21:53]} Rh6 {[%clk 0:45:35]} 69. Rg7 {[%clk 0:22:14]} 1-0

[Event "WCO2014"]
[Site "Tromso"]
[Date "2014.08.05"]
[Round "4.10"]
[WhiteID "12600148"]
[White "Anquandah Francis Eric"]
[BlackID "4303431"]
[Black "Li Zuhao Luke"]
[Result "0-1"]
[LiveChessVersion "1.4.3"]
[BlackElo "2365"]
[WhiteElo "1963"]

1. e4 {[%clk 1:30:45]} e6 {[%clk 1:30:52]} 2. d4 {[%clk 1:31:05]} d5
{[%clk 1:31:18]} 3. Nd2 {[%clk 1:31:07]} c5 {[%clk 1:31:39]} 4. c3
{[%clk 1:31:05]} cxd4 {[%clk 1:31:49]} 5. cxd4 {[%clk 1:31:04]} dxe4
{[%clk 1:32:13]} 6. Nxe4 {[%clk 1:31:02]} Bb4+ {[%clk 1:32:35]} 7. Nc3
{[%clk 1:30:14]} Nf6 {[%clk 1:32:49]} 8. Bb5+ {[%clk 1:27:31]} Nbd7
{[%clk 1:32:20]} 9. Nge2 {[%clk 1:25:41]} a6 {[%clk 1:31:02]} 10. Bxd7+
{[%clk 1:24:22]} Bxd7 {[%clk 1:31:13]} 11. O-O {[%clk 1:24:11]} Bc6
{[%clk 1:30:17]} 12. Bg5 {[%clk 1:23:02]} O-O {[%clk 1:29:26]} 13. a3
{[%clk 1:20:23]} Be7 {[%clk 1:25:57]} 14. Qd2 {[%clk 1:15:22]} h6
{[%clk 1:21:27]} 15. Bf4 {[%clk 1:10:53]} Nd5 {[%clk 1:18:25]} 16. Nxd5
{[%clk 1:01:54]} Qxd5 {[%clk 1:18:07]} 17. f3 {[%clk 1:02:04]} Rfd8
{[%clk 1:17:41]} 18. Rfd1 {[%clk 0:58:40]} Qf5 {[%clk 1:14:38]} 19. Qe3
{[%clk 0:48:58]} Rd7 {[%clk 1:07:42]} 20. Rd2 {[%clk 0:38:50]} Rad8
{[%clk 1:04:48]} 21. Rad1 {[%clk 0:38:14]} Ba4 {[%clk 1:01:07]} 22. Rc1
{[%clk 0:35:11]} Bf6 {[%clk 0:58:56]} 23. g4 {[%clk 0:29:16]} Qa5
{[%clk 0:54:02]} 24. b4 {[%clk 0:27:34]} Qb6 {[%clk 0:53:34]} 25. Be5
{[%clk 0:20:30]} Bxe5 {[%clk 0:50:19]} 26. Qxe5 {[%clk 0:20:43]} Bb5
{[%clk 0:50:33]} 27. Kg2 {[%clk 0:18:53]} Bxe2 {[%clk 0:40:12]} 28. Rxe2
{[%clk 0:19:14]} Rxd4 {[%clk 0:39:56]} 29. Qc7 {[%clk 0:19:08]} Qb5
{[%clk 0:37:33]} 30. Rcc2 {[%clk 0:16:51]} Qd5 {[%clk 0:35:23]} 31. h3
{[%clk 0:16:53]} Rd3 {[%clk 0:29:04]} 32. Qf4 {[%clk 0:16:59]} Rxa3
{[%clk 0:26:51]} 33. Rc7 {[%clk 0:16:30]} Rd7 {[%clk 0:25:44]} 34. Rxd7
{[%clk 0:16:07]} Qxd7 {[%clk 0:26:07]} 35. Rd2 {[%clk 0:16:14]} Qe7
{[%clk 0:25:01]} 36. Rc2 {[%clk 0:15:56]} Rd3 {[%clk 0:21:50]} 37. Rc8+
{[%clk 0:16:00]} Rd8 {[%clk 0:22:10]} 38. Rc7 {[%clk 0:16:20]} Rd7
{[%clk 0:21:59]} 39. Rc8+ {[%clk 0:16:41]} Kh7 {[%clk 0:22:06]} 40. Qe4+
{[%clk 0:16:46]} f5 {[%clk 0:20:18]} 41. Qe5 {[%clk 0:16:18]} Qxb4
{[%clk 0:11:51]} 42. Qxe6 {[%clk 0:09:48]} Rd2+ {[%clk 0:11:26]} 43. Kg3
{[%clk 0:09:19]} Qd6+ {[%clk 0:11:27]} 44. Qxd6 {[%clk 0:08:44]} Rxd6
{[%clk 0:11:53]} 45. gxf5 {[%clk 0:09:09]} a5 {[%clk 0:10:25]} 46. Kf4
{[%clk 0:09:25]} a4 {[%clk 0:09:23]} 47. Ke5 {[%clk 0:09:48]} Ra6
{[%clk 0:08:55]} 48. Rc7 {[%clk 0:09:52]} a3 {[%clk 0:07:48]} 49. Rxb7
{[%clk 0:09:56]} a2 {[%clk 0:08:02]} 50. f6 {[%clk 0:10:24]} a1=Q+ 0-1

[Event "WCO2014"]
[Site "Tromso"]
[Date "2014.08.05"]
[Round "4.12"]
[WhiteID "12600113"]
[White "Thompson Edward Nii Lamptey"]
[BlackID "405647"]
[Black "Hague Ben"]
[Result "1/2-1/2"]
[LiveChessVersion "1.4.3"]
[BlackElo "2320"]
[WhiteElo "1854"]

1. d4 {[%clk 1:30:56]} Nf6 {[%clk 1:30:54]} 2. c4 {[%clk 1:31:02]} e6
{[%clk 1:31:20]} 3. Nf3 {[%clk 1:31:25]} Bb4+ {[%clk 1:31:46]} 4. Bd2
{[%clk 1:31:45]} c5 {[%clk 1:32:11]} 5. a3 {[%clk 1:31:21]} Bxd2+
{[%clk 1:32:15]} 6. Nbxd2 {[%clk 1:31:47]} cxd4 {[%clk 1:31:15]} 7. Nxd4
{[%clk 1:31:27]} O-O {[%clk 1:30:49]} 8. g3 {[%clk 1:31:34]} e5 {[%clk 1:26:30]}
9. N4b3 {[%clk 1:31:04]} d5 {[%clk 1:23:46]} 10. cxd5 {[%clk 1:30:51]} Qxd5
{[%clk 1:23:55]} 11. Nf3 {[%clk 1:30:31]} Qb5 {[%clk 1:18:17]} 12. e3
{[%clk 1:29:07]} Qb6 {[%clk 1:17:36]} 13. Qc2 {[%clk 1:27:25]} Nc6
{[%clk 1:16:00]} 14. Bg2 {[%clk 1:24:47]} Qb5 {[%clk 1:08:06]} 15. Nfd2
{[%clk 1:19:29]} Be6 {[%clk 1:03:56]} 16. Qc5 {[%clk 1:14:39]} Qa4
{[%clk 1:00:28]} 17. Qc3 {[%clk 1:13:08]} Nd5 {[%clk 0:55:17]} 18. Bxd5
{[%clk 1:12:47]} Bxd5 {[%clk 0:55:40]} 19. e4 {[%clk 1:12:58]} Bxb3
{[%clk 0:49:23]} 20. Qxb3 {[%clk 1:13:08]} Qa5 {[%clk 0:47:00]} 21. Qc3
{[%clk 1:11:39]} Qa6 {[%clk 0:45:59]} 22. Qc4 {[%clk 1:11:49]} b5
{[%clk 0:45:12]} 23. Qa2 {[%clk 1:10:04]} Rfd8 {[%clk 0:43:16]} 24. b4
{[%clk 1:08:59]} Nd4 {[%clk 0:42:05]} 25. Nb3 {[%clk 1:06:44]} Nf3+
{[%clk 0:41:54]} 26. Kf1 {[%clk 1:05:41]} Qe6 {[%clk 0:38:02]} 27. Kg2
{[%clk 1:05:48]} Ng5 {[%clk 0:38:16]} 28. h4 {[%clk 0:59:07]} Nxe4
{[%clk 0:38:09]} 29. Rhe1 {[%clk 0:59:18]} Qf5 {[%clk 0:30:54]} 30. Qe2
{[%clk 0:58:14]} Nf6 {[%clk 0:27:42]} 31. Qxe5 {[%clk 0:56:02]} Qc2
{[%clk 0:27:21]} 32. Nc5 {[%clk 0:50:30]} Rd2 {[%clk 0:26:41]} 33. Qe3
{[%clk 0:50:44]} h5 {[%clk 0:26:09]} 34. Rac1 {[%clk 0:48:53]} Qa2
{[%clk 0:22:42]} 35. Ra1 {[%clk 0:48:12]} Ng4 {[%clk 0:19:56]} 36. Qe8+
{[%clk 0:38:07]} Rxe8 {[%clk 0:20:05]} 37. Rxe8+ {[%clk 0:38:34]} Kh7
{[%clk 0:20:31]} 38. Rxa2 {[%clk 0:38:31]} Rxa2 {[%clk 0:20:56]} 39. Ne4
{[%clk 0:38:53]} Rxa3 {[%clk 0:21:14]} 40. Re7 {[%clk 0:38:12]} Kg6
{[%clk 0:19:42]} 41. Ng5 {[%clk 0:37:39]} f6 {[%clk 0:16:23]} 42. Ne6
{[%clk 0:36:43]} Ra2 {[%clk 0:16:22]} 43. Rxg7+ {[%clk 0:35:27]} Kf5
{[%clk 0:16:43]} 44. Nd4+ {[%clk 0:34:39]} Ke4 {[%clk 0:16:57]} 45. Nxb5
{[%clk 0:32:22]} Rxf2+ {[%clk 0:14:56]} 46. Kg1 {[%clk 0:32:47]} Kf3
{[%clk 0:13:59]} 47. Rxa7 {[%clk 0:31:28]} Kxg3 {[%clk 0:11:46]} 48. Ra3+
{[%clk 0:31:44]} Kxh4 {[%clk 0:12:02]} 49. Nd4 {[%clk 0:32:07]} Rb2
{[%clk 0:10:53]} 50. Rb3 {[%clk 0:31:31]} Rxb3 {[%clk 0:07:40]} 51. Nxb3
{[%clk 0:31:58]} Kg3 {[%clk 0:07:57]} 52. Nd2 {[%clk 0:31:45]} h4
{[%clk 0:07:17]} 53. b5 {[%clk 0:32:13]} f5 {[%clk 0:04:04]} 54. b6
{[%clk 0:32:38]} Ne5 {[%clk 0:04:28]} 55. b7 {[%clk 0:33:00]} Nd7
{[%clk 0:04:54]} 56. Nf1+ {[%clk 0:30:56]} Kf3 {[%clk 0:05:06]} 57. Kh2
{[%clk 0:30:13]} Kf2 {[%clk 0:01:09]} 58. Kh3 {[%clk 0:28:31]} Kxf1
{[%clk 0:01:21]} 59. Kxh4 {[%clk 0:28:58]} Ke2 {[%clk 0:01:40]} 60. Kg5
{[%clk 0:29:25]} Kd3 {[%clk 0:02:05]} 61. Kxf5 {[%clk 0:29:06]} 1/2-1/2

[Event "WCO2014"]
[Site "Tromso"]
[Date "2014.08.05"]
[Round "4.5"]
[WhiteID "2500914"]
[White "Baburin Alexander"]
[BlackID "10000402"]
[Black "Emojong Elijah"]
[Result "1-0"]
[LiveChessVersion "1.4.3"]
[BlackElo "2334"]
[WhiteElo "2502"]

1. d4 {[%clk 1:30:56]} d5 {[%clk 1:30:09]} 2. c4 {[%clk 1:31:19]} c6
{[%clk 1:30:17]} 3. Nf3 {[%clk 1:31:32]} Nf6 {[%clk 1:30:15]} 4. e3
{[%clk 1:31:55]} a6 {[%clk 1:29:57]} 5. Bd3 {[%clk 1:30:08]} g6 {[%clk 1:23:40]}
6. O-O {[%clk 1:28:16]} Bg7 {[%clk 1:23:55]} 7. h3 {[%clk 1:23:27]} O-O
{[%clk 1:23:34]} 8. Nc3 {[%clk 1:22:26]} dxc4 {[%clk 1:17:52]} 9. Bxc4
{[%clk 1:22:48]} Ne8 {[%clk 1:15:42]} 10. e4 {[%clk 1:21:31]} Nd6
{[%clk 1:12:47]} 11. Bb3 {[%clk 1:20:32]} Nb5 {[%clk 1:05:10]} 12. Be3
{[%clk 1:18:53]} Qd6 {[%clk 0:43:55]} 13. e5 {[%clk 1:13:08]} Qd8
{[%clk 0:42:13]} 14. Na4 {[%clk 1:05:29]} Bf5 {[%clk 0:31:55]} 15. Nh4
{[%clk 0:49:52]} e6 {[%clk 0:23:55]} 16. Nxf5 {[%clk 0:49:14]} exf5
{[%clk 0:24:08]} 17. f4 {[%clk 0:46:09]} Nd7 {[%clk 0:20:56]} 18. d5
{[%clk 0:44:59]} Re8 {[%clk 0:10:21]} 19. Bf2 {[%clk 0:36:38]} Qc7
{[%clk 0:06:34]} 20. Rc1 {[%clk 0:35:07]} Rac8 {[%clk 0:05:08]} 21. Re1
{[%clk 0:33:26]} Rcd8 {[%clk 0:02:49]} 22. Qf3 {[%clk 0:31:55]} Rc8
{[%clk 0:01:12]} 23. dxc6 {[%clk 0:27:07]} bxc6 {[%clk 0:01:37]} 24. e6
{[%clk 0:27:26]} fxe6 {[%clk 0:01:22]} 25. Bxe6+ {[%clk 0:27:39]} Kh8
{[%clk 0:01:22]} 26. Bxd7 {[%clk 0:27:46]} Nd4 {[%clk 0:01:05]} 27. Qd3
{[%clk 0:24:29]} Qxd7 {[%clk 0:01:11]} 28. Nb6 {[%clk 0:24:36]} Qd6
{[%clk 0:01:01]} 29. Nxc8 {[%clk 0:24:07]} Rxc8 {[%clk 0:01:25]} 30. Re5
{[%clk 0:21:18]} Nb5 {[%clk 0:00:49]} 31. Qxd6 {[%clk 0:21:27]} Nxd6
{[%clk 0:01:17]} 32. Re6 {[%clk 0:21:39]} Bxb2 {[%clk 0:01:08]} 33. Rc2
{[%clk 0:18:06]} Ba3 {[%clk 0:01:25]} 34. Rc3 {[%clk 0:18:20]} Nb5
{[%clk 0:01:15]} 35. Rcxc6 {[%clk 0:18:24]} Rd8 {[%clk 0:01:27]} 36. Rc2
{[%clk 0:15:07]} Rd1+ {[%clk 0:01:27]} 37. Kh2 {[%clk 0:14:36]} Nd6
{[%clk 0:01:18]} 38. Bc5 {[%clk 0:11:06]} Bxc5 {[%clk 0:00:55]} 39. Rxc5
{[%clk 0:11:30]} Kg7 {[%clk 0:00:44]} 40. Rc7+ {[%clk 0:11:34]} Kf8
{[%clk 0:00:47]} 41. Rd7 {[%clk 0:11:48]} Rd2 {[%clk 0:01:04]} 42. Rexd6
{[%clk 0:12:04]} 1-0

[Event "WCO2014"]
[Site "Tromso"]
[Date "2014.08.05"]
[Round "4.6"]
[WhiteID "10000127"]
[White "Kawuma Patrick"]
[BlackID "2501198"]
[Black "Collins Sam E."]
[Result "1/2-1/2"]
[LiveChessVersion "1.4.3"]
[BlackElo "2495"]
[WhiteElo "2261"]

1. c4 {[%clk 1:30:57]} c5 {[%clk 1:30:37]} 2. Nc3 {[%clk 1:28:55]} Nc6
{[%clk 1:30:34]} 3. Nf3 {[%clk 1:28:49]} g6 {[%clk 1:30:11]} 4. e3
{[%clk 1:25:02]} Nf6 {[%clk 1:29:58]} 5. b3 {[%clk 1:24:14]} Bg7 {[%clk 1:29:35]}
6. Bb2 {[%clk 1:24:42]} O-O {[%clk 1:29:32]} 7. Be2 {[%clk 1:24:44]} b6
{[%clk 1:19:39]} 8. O-O {[%clk 1:24:51]} Bb7 {[%clk 1:19:36]} 9. Rc1
{[%clk 1:17:30]} Rc8 {[%clk 1:17:59]} 10. Qc2 {[%clk 1:07:52]} e6
{[%clk 1:16:28]} 11. Rfd1 {[%clk 1:01:08]} Qe7 {[%clk 1:10:56]} 12. d4
{[%clk 0:52:20]} cxd4 {[%clk 1:08:56]} 13. Nxd4 {[%clk 0:51:34]} Nxd4
{[%clk 1:06:26]} 14. Rxd4 {[%clk 0:47:42]} a6 {[%clk 0:57:12]} 15. Qd1
{[%clk 0:42:03]} d5 {[%clk 0:48:32]} 16. cxd5 {[%clk 0:36:04]} Nxd5
{[%clk 0:47:35]} 17. Nxd5 {[%clk 0:31:19]} exd5 {[%clk 0:44:58]} 18. Rd2
{[%clk 0:29:18]} Bxb2 {[%clk 0:45:01]} 19. Rxb2 {[%clk 0:28:09]} d4
{[%clk 0:45:15]} 20. Rxc8 {[%clk 0:25:35]} Rxc8 {[%clk 0:45:08]} 21. Qxd4
{[%clk 0:22:32]} Rc1+ {[%clk 0:45:07]} 22. Bf1 {[%clk 0:22:52]} Bxg2
{[%clk 0:43:37]} 23. Kxg2 {[%clk 0:23:13]} Qg5+ {[%clk 0:43:58]} 24. Kf3
{[%clk 0:23:26]} Rxf1 {[%clk 0:42:54]} 25. Rd2 {[%clk 0:22:10]} Rg1
{[%clk 0:23:13]} 26. Qd8+ {[%clk 0:21:15]} Kg7 {[%clk 0:23:33]} 27. Qxg5
{[%clk 0:21:29]} Rxg5 {[%clk 0:23:55]} 28. Rd6 {[%clk 0:19:36]} Rf5+
{[%clk 0:21:35]} 29. Kg3 {[%clk 0:18:35]} Rf6 {[%clk 0:21:38]} 30. Rd7
{[%clk 0:17:56]} Rc6 {[%clk 0:21:18]} 31. Ra7 {[%clk 0:17:52]} a5
{[%clk 0:21:08]} 32. Rb7 {[%clk 0:18:04]} h5 {[%clk 0:18:53]} 33. h3
{[%clk 0:15:46]} Kf6 {[%clk 0:18:01]} 34. Kf3 {[%clk 0:15:35]} Re6
{[%clk 0:16:51]} 35. Kg3 {[%clk 0:14:07]} Rd6 {[%clk 0:16:46]} 36. Kf3
{[%clk 0:12:39]} Ke6 {[%clk 0:15:05]} 37. Ke4 {[%clk 0:08:26]} Kf6
{[%clk 0:13:44]} 38. Kf3 {[%clk 0:08:20]} Ke6 {[%clk 0:13:44]} 39. Ke4
{[%clk 0:08:29]} Kf6 {[%clk 0:05:21]} 40. Kf3 {[%clk 0:07:38]} Re6
{[%clk 0:05:31]} 41. Kg3 {[%clk 0:04:52]} g5 {[%clk 0:01:59]} 42. h4
{[%clk 0:30:21]} g4 {[%clk 0:31:26]} 43. Rd7 {[%clk 0:30:07]} Kg6
{[%clk 0:28:26]} 44. Rd5 {[%clk 0:29:43]} f6 {[%clk 0:25:14]} 45. Rb5
{[%clk 0:29:15]} Rd6 {[%clk 0:24:32]} 1/2-1/2

[Event "WCO2014"]
[Site "Tromso"]
[Date "2014.08.05"]
[Round "4.7"]
[WhiteID "2500990"]
[White "Heidenfeld Mark"]
[BlackID "10000100"]
[Black "Ssegwanyi Arthur"]
[Result "1-0"]
[LiveChessVersion "1.4.3"]
[BlackElo "2299"]
[WhiteElo "2382"]

1. e4 {[%clk 1:30:46]} e5 {[%clk 1:30:55]} 2. Nf3 {[%clk 1:30:57]} Nc6
{[%clk 1:31:16]} 3. Bb5 {[%clk 1:29:49]} a6 {[%clk 1:31:34]} 4. Bxc6
{[%clk 1:29:40]} dxc6 {[%clk 1:30:53]} 5. O-O {[%clk 1:29:53]} Qd6
{[%clk 1:31:00]} 6. d3 {[%clk 1:27:23]} f6 {[%clk 1:24:39]} 7. Nbd2
{[%clk 1:23:40]} Be6 {[%clk 1:24:07]} 8. Qe2 {[%clk 1:15:27]} O-O-O
{[%clk 1:22:11]} 9. Nc4 {[%clk 1:10:48]} Qd7 {[%clk 1:21:41]} 10. Be3
{[%clk 1:08:24]} Qf7 {[%clk 1:12:45]} 11. Rfd1 {[%clk 0:58:44]} Ne7
{[%clk 1:08:35]} 12. Na5 {[%clk 0:55:54]} Ng6 {[%clk 1:03:49]} 13. d4
{[%clk 0:48:24]} Nf4 {[%clk 1:02:12]} 14. Bxf4 {[%clk 0:43:17]} exf4
{[%clk 1:02:35]} 15. Nxc6 {[%clk 0:43:24]} Re8 {[%clk 0:46:29]} 16. Nd2
{[%clk 0:28:30]} bxc6 {[%clk 0:41:22]} 17. Qxa6+ {[%clk 0:28:26]} Kd7
{[%clk 0:40:48]} 18. d5 {[%clk 0:17:58]} cxd5 {[%clk 0:39:02]} 19. exd5
{[%clk 0:18:00]} Bg4 {[%clk 0:37:12]} 20. f3 {[%clk 0:17:47]} Bf5
{[%clk 0:32:41]} 21. d6 {[%clk 0:10:59]} Re5 {[%clk 0:05:19]} 22. Nc4
{[%clk 0:07:31]} Bxd6 {[%clk 0:02:27]} 23. Nxd6 {[%clk 0:06:22]} cxd6
{[%clk 0:02:43]} 24. Rxd6+ {[%clk 0:06:27]} Ke7 {[%clk 0:02:40]} 25. Qa7+
{[%clk 0:02:57]} Kf8 {[%clk 0:02:01]} 26. Rd8+ {[%clk 0:03:03]} Re8
{[%clk 0:01:46]} 27. Qc5+ {[%clk 0:03:26]} Qe7 {[%clk 0:01:42]} 28. Rxe8+
{[%clk 0:03:41]} Kxe8 {[%clk 0:02:05]} 29. Qxf5 {[%clk 0:03:52]} Qe3+
{[%clk 0:01:56]} 30. Kf1 {[%clk 0:04:07]} Kf7 {[%clk 0:01:58]} 31. Re1
{[%clk 0:03:34]} Qd4 {[%clk 0:01:55]} 32. Qe6+ {[%clk 0:03:27]} 1-0

[Event "WCO2014"]
[Site "Tromso"]
[Date "2014.08.05"]
[Round "4.8"]
[WhiteID "10000380"]
[White "Wanyama Harold"]
[BlackID "2500434"]
[Black "Daly Colm"]
[Result "0-1"]
[LiveChessVersion "1.4.3"]
[BlackElo "2323"]
[WhiteElo "2244"]

1. d4 {[%clk 1:30:46]} Nf6 {[%clk 1:30:50]} 2. c4 {[%clk 1:31:03]} e6
{[%clk 1:28:13]} 3. Nf3 {[%clk 1:31:07]} Bb4+ {[%clk 1:28:34]} 4. Bd2
{[%clk 1:31:25]} Qe7 {[%clk 1:29:00]} 5. Nc3 {[%clk 1:31:35]} O-O
{[%clk 1:27:16]} 6. Qc2 {[%clk 1:31:47]} d5 {[%clk 1:24:37]} 7. e3
{[%clk 1:31:10]} Re8 {[%clk 1:20:18]} 8. Bd3 {[%clk 1:29:01]} c5 {[%clk 1:17:41]}
9. O-O {[%clk 1:25:17]} Nc6 {[%clk 1:11:09]} 10. a3 {[%clk 1:24:54]} dxc4
{[%clk 1:08:08]} 11. Bxc4 {[%clk 1:24:45]} Ba5 {[%clk 1:06:20]} 12. dxc5
{[%clk 1:19:05]} Qxc5 {[%clk 1:06:27]} 13. Ba2 {[%clk 1:19:02]} Qh5
{[%clk 1:04:12]} 14. Ne2 {[%clk 1:13:47]} Bxd2 {[%clk 1:03:13]} 15. Ng3
{[%clk 1:13:34]} Qh6 {[%clk 0:59:50]} 16. Qxd2 {[%clk 1:11:12]} e5
{[%clk 1:00:06]} 17. e4 {[%clk 1:01:20]} Qxd2 {[%clk 0:56:26]} 18. Nxd2
{[%clk 1:01:44]} g6 {[%clk 0:51:57]} 19. Nc4 {[%clk 1:00:39]} Rd8
{[%clk 0:48:54]} 20. f4 {[%clk 0:58:17]} Be6 {[%clk 0:45:10]} 21. Nxe5
{[%clk 0:49:11]} Nxe5 {[%clk 0:45:25]} 22. Bxe6 {[%clk 0:46:51]} fxe6
{[%clk 0:45:48]} 23. fxe5 {[%clk 0:47:00]} Ng4 {[%clk 0:46:01]} 24. h3
{[%clk 0:46:17]} Nxe5 {[%clk 0:46:22]} 25. Rf2 {[%clk 0:44:46]} Rac8
{[%clk 0:46:29]} 26. Raf1 {[%clk 0:42:47]} Rd7 {[%clk 0:44:04]} 27. Kh2
{[%clk 0:39:45]} Kg7 {[%clk 0:43:40]} 28. Re2 {[%clk 0:35:17]} Rc4
{[%clk 0:40:58]} 29. Rfe1 {[%clk 0:34:47]} Rcd4 {[%clk 0:39:23]} 30. Rc1
{[%clk 0:33:49]} h5 {[%clk 0:39:26]} 31. Rc5 {[%clk 0:33:31]} Nd3
{[%clk 0:39:28]} 32. Rb5 {[%clk 0:31:07]} a6 {[%clk 0:38:15]} 33. Rb6
{[%clk 0:30:22]} h4 {[%clk 0:38:34]} 34. Nf1 {[%clk 0:29:58]} Nf4
{[%clk 0:38:51]} 35. Rf2 {[%clk 0:25:14]} e5 {[%clk 0:37:39]} 36. b4
{[%clk 0:20:02]} Rxe4 {[%clk 0:36:19]} 37. Nd2 {[%clk 0:20:10]} Re3
{[%clk 0:20:01]} 38. Nc4 {[%clk 0:19:58]} Re1 {[%clk 0:19:33]} 39. Nd6
{[%clk 0:07:30]} Re7 {[%clk 0:15:46]} 40. g3 {[%clk 0:05:59]} Nh5
{[%clk 0:05:40]} 41. gxh4 {[%clk 0:03:58]} e4 {[%clk 0:06:00]} 42. Rg2
{[%clk 0:02:24]} Kh7 {[%clk 0:04:48]} 43. Nc4 {[%clk 0:13:30]} e3
{[%clk 0:32:01]} 44. Rgxg6 {[%clk 0:12:54]} Nf4 {[%clk 0:26:22]} 45. Rh6+
{[%clk 0:08:59]} Kg7 {[%clk 0:26:05]} 46. Nd6 {[%clk 0:04:37]} Kxh6
{[%clk 0:20:39]} 47. Nf5+ {[%clk 0:05:01]} Kh7 {[%clk 0:21:04]} 48. Rh6+
{[%clk 0:05:15]} Kg8 {[%clk 0:21:32]} 49. Nxe7+ {[%clk 0:05:16]} Kf7
{[%clk 0:21:44]} 50. Rh7+ {[%clk 0:02:38]} Kf8 {[%clk 0:19:30]} 51. Nf5
{[%clk 0:01:23]} e2 {[%clk 0:19:24]} 52. Re7 {[%clk 0:01:19]} Rf1
{[%clk 0:09:29]} 53. Kg3 {[%clk 0:01:17]} Nh5+ {[%clk 0:09:23]} 54. Kg4
{[%clk 0:01:18]} Rf4+ {[%clk 0:08:55]} 55. Kg5 {[%clk 0:01:19]} 0-1